000 00435nam a2200145Ia 4500
008 231129s2000||||xx |||||||||||||| ||spa||
020 _a958-601-867-9
040 _bspa
082 _a306.09861 L555n
100 _aLemoine Carlos
245 0 _aNosotros los Colombianos del milenio
260 _c2000
264 _aSantafé de Bogotá (Colombia); Tercer Mundo Editores Cambio
942 _2ddc
_cBKS
999 _c21782
_d21782